III. SLOVENSKÝ PEDIATRICKÝ KONGRES : Martin, 27. - 30. jún 2001

Bibliographic Details
Format: Article
Language:Czech

MARC

LEADER 00000nab a2200000uu 4500
001 vtls011137953
003 SK-MaSNL
005 20260225195301.0
008 230218|2001 xo |||||||||||||||||cze|
015 |a SNBRB 
035 |a (urnnbn)urn:nbn:sk:snk:ar-007uck 
035 |a (uuid)6e525263-a166-4d65-8f8d-bc6eaa2e6aa3 
035 |a urn:nbn:sk:snk-abaqgi 
040 |a SNKBUCL  |b slo  |c SNKBUCL  |e AACR2 
041 0 |a cze 
044 |a xo  |c SK 
245 0 0 |a III. SLOVENSKÝ PEDIATRICKÝ KONGRES :  |b Martin, 27. - 30. jún 2001 
773 0 |t Československá pediatrie : časopis Pediatrické společnosti časopis Československé pediatrické společnosti, sekce Československé lékařské společnosti J.E. Purkyně ; časopis České a Slovenské pediatrické společnosti  |g Roč. 56, č. S1 (2001), s. [3]-72 
954 |a odborná, vedecká literatúra cudzojazyčná (svetová)  |2 lita 
958 |a OND 
958 |a EUIPO 
958 |a article14 
999 |c 1945813  |d 1947743